Integrácia migrantov na trhu práce v Slovenskej republike

Prepojenie dvoch oblasti sociálnej politiky štátu – migračná politika a politika zamestnanosti. Zo strany štátu, ktorý chce kvalitne realizovať integračnú politiku voči migrantom, je nevyhnutné skúmať najmä ekonomickú oblasť podmienok (zamestnanosť migrantov je pre integračný proces kľúčová). Dve ob...

Celý popis

Uložené v:
Podrobná bibliografia
Hlavný autor: Masárová, Tatiana
Médium: Kapitola
Jazyk:Slovak
Predmet:
Tagy: Pridať tag
Žiadne tagy, Buďte prvý, kto otaguje tento záznam!

MARC

LEADER 00000naa a2200000 4500
001 0207724
005 20220718121428.8
041 0 |a slo 
044 |a SK 
245 1 0 |a Integrácia migrantov na trhu práce v Slovenskej republike  |c Tatiana Masárová 
520 |a Prepojenie dvoch oblasti sociálnej politiky štátu – migračná politika a politika zamestnanosti. Zo strany štátu, ktorý chce kvalitne realizovať integračnú politiku voči migrantom, je nevyhnutné skúmať najmä ekonomickú oblasť podmienok (zamestnanosť migrantov je pre integračný proces kľúčová). Dve oblasti sociálnej politiky sú spojené prostredníctvom kvantitatívnych ukazovateľov merania kvality života migrantov a prostredníctvom kvality pracovného života migrantov. 
610 2 0 |a integrácia 
610 2 0 |a utečenci 
610 2 0 |a Slovensko 
610 2 0 |a trh práce 
100 1 |a Masárová, Tatiana